| 000 | 00613cam a22001815i 4500 | ||
|---|---|---|---|
| 999 |
_c12418 _d12418 |
||
| 003 | OSt | ||
| 005 | 20240116115826.0 | ||
| 008 | 230128s2023 sz a b 001 0 eng | ||
| 020 |
_a9783037787151 _qEnglish edition _qpaperback |
||
| 042 | _apcc | ||
| 082 | _a813 | ||
| 100 | 1 | _aGuhl, Willy. | |
| 245 | 1 | 0 |
_aWilly Guhl : _bthinking with your hands / _cMuseum für Gestaltung Zürich, Renate Menzi (eds.). |
| 300 |
_a296 pages : _bnumerous illustrations (chiefly color) ; _c29 cm |
||
| 504 | _aIncludes bibliographical references (pages 285-287) and index. | ||
| 776 | 0 | 8 |
_z9783037787144 _iGerman edition |
| 942 | _2ddc | ||